Woodcutters, potters and doorkeepers : service personnel of the Deir el-Medina workmen /
Main Author:
Other Authors: ,
Format: Book
Language:
English
German
Published:
Leiden :
Nederlands Instituut voor het Nabije Oosten,
2003.
Series:
Egyptologische uitgaven ;
17.
EgUit ;
17.
Subjects:
Tags: Add Tag
Call Number: DT57 .U35 v.17
| LEADER | 01168namaa2200337 4500 | ||
|---|---|---|---|
| 001 | 13384 | ||
| 003 | OSt | ||
| 005 | 20260423063719.0 | ||
| 008 | 130303s2003 ne b 001 0 eng d | ||
| 020 | |a 9062582176 | ||
| 040 | |c ARCE Library | ||
| 041 | 0 | |a eng |a ger | |
| 043 | |a f-ua--- | ||
| 050 | 4 | |a DT57 .U35 v.17 | |
| 100 | 1 | |a Janssen, Jac. J., |e author | |
| 245 | 1 | 0 | |a Woodcutters, potters and doorkeepers : |b service personnel of the Deir el-Medina workmen / |c Jac. J. Janssen, Elizabeth Frood, Maren Goecke-Bauer. |
| 264 | 1 | |a Leiden : |b Nederlands Instituut voor het Nabije Oosten, |c 2003. | |
| 300 | |a viii, 170 pages ; |c 27 cm. | ||
| 490 | 0 | |a Egyptologische uitgaven ; |v 17. | |
| 490 | 0 | |a EgUit ; |v 17. | |
| 504 | |a Includes bibliographical references and indexes. | ||
| 546 | |a English and German. | ||
| 650 | 0 | |a Artisans |z Egypt |z Dayr al-Madīnah Site. | |
| 650 | 0 | |a Working class |z Egypt |z Dayr al-Madīnah Site. | |
| 651 | 0 | |a Egypt |x Social life and customs |y To 332 B.C. | |
| 651 | 0 | |a Dayr al-Madīnah Site (Egypt) | |
| 700 | 1 | |a Frood, Elizabeth. |9 30336 | |
| 700 | 1 | |a Goecke-Bauer, Maren. | |
| 901 | |a reviewed | ||
| 942 | |c BK |2 lcc | ||
| 999 | |c 13278 |d 13278 | ||
